00485 2200193 4500001002100000005001500021035002000036245004600056100001900102300002900121260003200150082001000182084001600192020002200208600001100230990001700241990001600258990001700274INLIS00000000000151920260703092055 a0010-07260000081 aBuku Sakti Pidato Dan MC /cDias Pangesti0 aPangesti, Dias a240 hlm ;c14 X 20,5 cm aYogyakarta :bAraska,c2023 a808.5 a808.5 PAN b a978-623-6335-35-2 4aPidato a4936/PP/2026 a4937PP/2026 a4938/PP/2026